Top 15 Darts players in the world - Statistics

General Stats
  • This quiz has been taken 1,989 times
  • The average score is 9 of 15
Answer Stats
Hint Answer % Correct
1 Holland Van Gerwen
97%
2 Scotland Anderson
95%
5 Scotland Wright
93%
4 England Taylor
89%
3 England Lewis
77%
10 Holland Van Barneveld
76%
6 England Wade
66%
8 England Smith
64%
13 Belgium Huybrechts
55%
9 England Chisnall
46%
7 Scotland Thornton
35%
11 Holland Klaasen
28%
14 England Bunting
22%
12 England White
19%
15 England Jenkins
11%
No matching quizzes found
Score Distribution
Percent of People with Each Score
Percentile by Number Answered
Your Score History
You have not taken this quiz